| 000 | 00413nam a22001457a 4500 | ||
|---|---|---|---|
| 003 | SGT | ||
| 082 |
_a615 _bD24S |
||
| 100 | _aSINGH, KAMALDEEP | ||
| 245 | _aDEVELOPMENT AND CHARACTERIZATION OF LIPID BASED NANO VESICLES FOR TRANSDERMAL DELIVERY AND ENHANCED BIOAVAILABILITY OF CHARANTIN | ||
| 260 |
_aGURUGRAM _bSGT UNIVERSITY _c2024 |
||
| 300 | _a129 | ||
| 650 | _aPHARMACY | ||
| 653 | _aPHD | ||
| 942 |
_2ddc _cTH |
||
| 999 |
_c32377 _d32377 |
||